000 01242nam a2200229Ia 4500
001 L200-2565
003 IT-CnALBA
008 170116s9999||||xx |||||||||||||| ||und||
040 _aIT-CnALBA
_cIT-CnALBA
041 _aITALIANO
100 _aAA. VV.
245 0 _aI TEOLOGI DEL DIO VIVO. LA TRATTAZIONE TEOLOGICA DI DIO OGGI
250 _a1a ed.
260 _a MILANO BOLOGNA
_bANCORA EDITRICE
_c1968 [1° Ed.:1968 - Ed.Ling.Originale: 1968]
300 _a468 p. (prefazione: 916)
500 _aINTRODUZIONE. CURATORE MARRANZINI ALFREDO. COLLABORATORI: FLORIT, FESTORAZZI, COLOMBO, CANTALAMESSA, MASI, GHERARDINI, LANNE, FABRO, SARTORI, VAGAGGINI, GARRONE. RELAZIONE DEL II CONGRESSO NAZIONALE DI FIRENZE DEL 1968. ATTUALITÀ DEL PROBLEMA DI DIO. TRAT
501 _aSocietà San Paolo EM - Piazza San Paolo, 14 - 12051 ALBA (CN) (non commercial uses only) ® Copyright 2017
520 _aINTRODUZIONE. CURATORE MARRANZINI ALFREDO. COLLABORATORI: FLORIT, FESTORAZZI, COLOMBO, CANTALAMESSA, MASI, GHERARDINI, LANNE, FABRO, SARTORI, VAGAGGINI, GARRONE. RELAZIONE DEL II CONGRESSO NAZIONALE DI FIRENZE DEL 1968. ATTUALITÀ DEL PROBLEMA DI DIO. TRAT
650 _aRELIGIONE - RELIGIONE CRISTIANA
942 _cBK
957 _71
999 _a3545
_bNO
_g Copie: 1
_c261753
_d261753